000 016090000a22002050004500
020 _a978-9942-13-036-5
082 0 4 _aG 253.52 G166m
100 1 _aGallego Cano, Carmen Eugenia
245 1 0 _aMejor son dos que uno : guía y manual de consejería pastoral para el siglo XXI. Enfoque bíblico-sistemático / Carmen E. Gallego , Ediana Marín Ramírez , Erik Vásquez
260 _aMedellín : [s.n.]
300 _a395 p.
501 _arústico
505 0 0 _aI Parte: Generalidades de la consejería pastoral -- Bases bíblico-teológicas del pastoreo mutuo y la consejería pastoral -- El proceso de la consejería a través de la escucha activa y empática\ II Parte: Consejería para las crisis -- Consejería para las crisis y el duelo -- Consejería para la reconciliación, perdón y la restitución -- Consejería par ala violencia conyugal y familiar -- Consejería para infidelidad -- Consejería para la separación y el divorcio\ III. Parte: Consejería a través del ciclo vital de la familia -- Generalidades acerca de la familia como sistema -- Consejería a través del ciclo vital de la familia \ IV Parte: Desafíos para la pastoral y la consejería en el siglo XXI: la consejería y las emociones -- Consejería en caso de abuso sexual -- Quebrantamiento sexual -- Internet y redes sociales -- Consejería para el aborto -- Consejería para la anorexia y bulimia
650 1 4 _aCONSEJERIA PASTORAL \ CONSEJERIA MATRIMONIAL \ CONSEJERIA
001 18110
942 _cBK
999 _c44598
_d44598
336 _atexto
_btxt
_2rdacontent
337 _2rdamedia
_asin mediación
_bn
338 _2rdacarrier
_avolumen
_bnc